000 00660nam a2200265Ia 4500
005 20260121173647.0
008 008 260114s9999 xx 000 0 eng d
020 _a9783319156637
037 _aEBOOK
040 _aCRL
040 _beng
040 _cCRL
041 _2eng
041 _aeng
084 _qCRL
100 _aFrancesco Alfieri
_91103624
245 4 _aThe Presence of Duns Scotus in the Thought of Edith Stein
260 _bSpringer
260 _bSpringer
260 _c2015
856 _uhttps://link.springer.com/openurl?genre=book&isbn=978-3-319-15663-7
942 _cEBOOK
999 _c1669372
_d1669372